<?xml version="1.0" encoding="UTF-8"?>
<collection xmlns="http://www.loc.gov/MARC21/slim">
 <record>
  <leader>00796nam a2200181Ia 4500</leader>
  <controlfield tag="001">CTU_17730</controlfield>
  <controlfield tag="008">210402s9999    xx            000 0 und d</controlfield>
  <datafield tag="082" ind1=" " ind2=" ">
   <subfield code="a">428</subfield>
  </datafield>
  <datafield tag="082" ind1=" " ind2=" ">
   <subfield code="b">Th103</subfield>
  </datafield>
  <datafield tag="100" ind1=" " ind2=" ">
   <subfield code="a">Phạm Xuân Thảo</subfield>
  </datafield>
  <datafield tag="245" ind1=" " ind2="0">
   <subfield code="a">6000 câu giao tiếp tiếng Anh</subfield>
  </datafield>
  <datafield tag="245" ind1=" " ind2="0">
   <subfield code="c">Phạm Xuân Thảo</subfield>
  </datafield>
  <datafield tag="260" ind1=" " ind2=" ">
   <subfield code="a">Tp. HCM</subfield>
  </datafield>
  <datafield tag="260" ind1=" " ind2=" ">
   <subfield code="b">Trẻ</subfield>
  </datafield>
  <datafield tag="260" ind1=" " ind2=" ">
   <subfield code="c">1997</subfield>
  </datafield>
  <datafield tag="520" ind1=" " ind2=" ">
   <subfield code="a">Sách gồm 3 chương. 1) Những điểm chủ yếu về ngữ điệu trong tiếng Anh. 2) Cách nói thông dụng trong tiếng Anh. 3) Các mẫu câu đối thoại thực sự ngoài đời, được tập trung thành từng chủ mục</subfield>
  </datafield>
  <datafield tag="650" ind1=" " ind2=" ">
   <subfield code="a">english language - conversation and phrase books</subfield>
  </datafield>
  <datafield tag="980" ind1=" " ind2=" ">
   <subfield code="a">Trung tâm Học liệu Trường Đại học Cần Thơ</subfield>
  </datafield>
 </record>
</collection>
